|
|
|
|
| LEADER |
00917nam a2200241 a 4500 |
| 001 |
1730359 |
| 008 |
090804s2002 enk b 001 0 eng d |
| 010 |
|
|
|a \\\73408749
|
| 020 |
|
|
|a 0416689000
|
| 020 |
|
|
|a 0415289645
|
| 040 |
|
|
|a DLC
|c DLC
|d DLC
|
| 082 |
0 |
0 |
|a 882/.00916
|2 21
|
| 100 |
1 |
|
|a Kitto, H. D. F.
|q (Humphrey Davy Findley)
|
| 245 |
1 |
0 |
|a Greek tragedy: a literary study /
|c by H. D. F. Kitto.
|
| 260 |
|
|
|a London ;
|a New York :
|b Routledge,
|c 2002.
|
| 300 |
|
|
|a x, 401 p. ;
|c 21 cm.
|
| 504 |
|
|
|a Includes bibliographical references and index.
|
| 541 |
1 |
|
|e 00014440
|
| 650 |
|
0 |
|a Greek drama (Tragedy)
|x History and criticism.
|
| 650 |
|
0 |
|a Mythology, Greek, in literature.
|
| 852 |
4 |
|
|a Ayesha Abed Library
|j General shelf
|
| 999 |
|
|
|c 3692
|d 3692
|
| 952 |
|
|
|0 0
|1 0
|2 ddc
|4 0
|6 882_009160000000000_KIT_2002
|7 0
|9 3354
|a BRACUL
|b BRACUL
|c GEN
|d 2009-09-03
|l 8
|m 14
|o 882.00916 KIT
|p 3010014440
|r 2025-12-28
|s 2025-12-23
|t 1
|w 2009-09-03
|y BK
|